| 000 | 00346 a2200109 4500 | ||
|---|---|---|---|
| 001 | ART_9260 | ||
| 005 | 20260410161835.0 | ||
| 008 | 260409a | ||
| 245 | 1 | 0 | _aContenido de las denuncias de dumping y/o subsidios |
| 100 | 1 | _aFratalocchi, Aldo | |
| 773 | 0 |
_tContabilidad y administración _g- Año 4, Nº 41 (nov. 1980) _wREV5485 |
|
| 999 |
_c23595 _d23595 |
||